000 00714nam a2200217Ia 4500
003 GCL
008 140319s9999 xx 000 0 ara d
020 _a2361208977
040 _aGCL /
_cGCL
082 0 4 _a320.1
_bب د
100 1 _aباغنار، جاك
245 1 0 _aالدولة مغامرة غير اكيدة /
_cباغنار، جاك
250 _aالاولى
260 _aالقاهرة :
_bمكتبة مدبولى ،
_c2002
300 _a159 ص ؛
_c24 سم
650 0 4 _aالسياسة
650 0 4 _aامريكا الجنوبية
650 0 4 _aتشيكوسلوفاكيا - تاريخ
650 0 4 _aامريكا اللاتينية - انظر - امريكيا الجنوبية
942 _2ddc
_cBK
999 _c5637
_d5637